[Event "KNSB 2007-2008"]
[Site "?"]
[Date "2007.11.03"]
[Round "3"]
[White "Witt, Rob"]
[Black "Schmitz, Henk"]
[Result "1-0"]
[WhiteElo "2236"]
[BlackElo "2289"]
[Annotator "Witt,Rob"]
[PlyCount "77"]
[EventDate "2007.09.16"]

{De 3r knsbronde bracht ons tegen Amstelveen I. Ik zat op bord 2 en had me met
wit alleen voorbereid op Sybolt Strating en Sander Los. Los speelt immers
altijd met zwart en Henk Schmitz altijd met wit, die laatste zou dus wel op
bord 1 zitten. Tot mijn verbazing hadden ze dat omgedraaid. De partij is lange
tijd onduidelijk met af en toe een klein plusje voor wit. Op een gegeven
moment doe ik het niet goed en komt zwart iets beter te staan. Maar in de
opkomende tijdnood krijgt Henk plotseling een waanidee en is het gelijk uit.} 
1. Nf3 d6 {13' Henk komt meestal 20' te laat. Deze keer viel dat dus wel mee.
Hij heeft me wel eens verteld dat hij in een stille zaal wil binnenkomen om
niet uit zijn concentratie te raken.} 2. d4 Bg4 3. c4 Nd7 4. Nc3 e5 5. g3 {2'}
Ngf6 {16'} ({Met het alternatief} 5... Bxf3 {heb ik goeie herinneringen aan
een winst op Aran Köhler enkele jaren geleden in de knsb.}) 6. Bg2 Be7 7. O-O {
Deze veelgespeelde normaalzet blijkt helemaal niet zo vanzelfsprekend te zijn.
Khalifman vindt in "According to Kramnik" het beter om de rokade uit te
stellen en eerst h3 te spelen om te kijken wat zwart met zijn loper doet. Bijv.
} (7. h3 Bh5 (7... Bxf3 8. Bxf3 c6 9. d5 c5 10. e4 O-O 11. Be3 Ne8 12. Qd2 Rb8
13. a3 g6 14. Bh6 Ng7 15. h4 Nf6 16. h5 {Lerner (2575)-Weis 2225) Gmuend 1998 
(53.1-0)}) 8. Nh4 c6 9. Nf5 O-O (9... Bf8 10. O-O Bg6 11. Nh4 Qb6 12. d5 Be7
13. dxc6 bxc6 14. Be3 $16 {Dautov(2625)-Fritsche 2365) Germany 1995(26.1-0)})
10. d5 (10. O-O Re8 11. d5 c5 12. Qb3 Nb6 13. e4 Bg6 14. Ne3 {Sasikiran,K 
(2670)-Torre,E (2523)/Bled 2002 (71.1-0)}) 10... c5 11. Qb3 b6 12. e4 Bg6 13.
Ne3 Nh5 14. h4 $14 {En zwart had geen enkel tegenspel in Eingorn (2570)-Mollov
(2365) Berlin 1990 (35.1-0)}) 7... O-O 8. h3 {6'} Bh5 {18' Hier s tond ik voor
een lastige keus. Ik zag dat ik het loperpaar kon veroveren en dat ik kon
kiezen welke loper ik wilde hebben voor mijn paard. Het leek me uiteindelijk
logischer om mijn paard te ruilen voor de witveldige loper omdat de andere
loper ingesloten staat binnen de pionnenketen. Kennelijk is dat nog maar de
vraag want in veel partijen slaat wil juist de zwartveldige loper. Bovendien
zie je boven een voorbeeld waarin helemaal geen paard voor een loper geruild
wordt. Dit soort stellingen zijn positioneel moeilijk te bergrijpen.} 9. g4 {
20' Op dit moment ongebruikelijk, maar het kan op zetverwisseling voorkomen.} (
9. Nh4 c6 10. Nf5 Re8) 9... Bg6 10. Nh4 {22'} c6 {22'} 11. Nxg6 {24'} (11. e3
Ne8 12. Nxg6 hxg6 13. b4 d5 14. cxd5 Bxb4 15. Qb3 Qa5 16. Bd2 exd4 17. exd4 c5
18. a3 $16 {Najer 2608)-Gasthofer (2434) Pardubice 2004 (41.1-0)}) 11... hxg6
12. Rb1 {32'} (12. d5 $14 {is misschien beter.}) 12... a5 {25'} 13. a3 $2 {
Dat is niks.} (13. d5 Qc7 14. Be3 $14) 13... Nb6 $6 {28'} ({Sterker was} 13...
exd4 $1 {Totaal niet naar gekeken.} 14. Qxd4 a4 15. Bf4 Nc5 16. Rfd1 Ne6 17.
Qd2 Nxf4 18. Qxf4 $13) 14. b3 {38'} Qc7 {49' Henk zal lang gekeken hebben naar}
(14... a4 {waarna ik waarschijnlijk voortgezet had met} 15. dxe5 ({Het
alternatief} 15. Nxa4 {leek me onduidelijk na} Nxa4 (15... exd4 16. Nxb6 Qxb6
17. Bb2 c5 18. Re1 $14) 16. bxa4 Qc7 {maar misschien heeft wit toch wel een
plusje.}) 15... dxe5 16. Qxd8 (16. Nxa4 Nxa4 17. bxa4 Qc7 18. Qb3 Rfb8 $13)
16... Rfxd8 (16... Bxd8 17. c5 $14) 17. Be3 Ra6 18. Bxb6 Rxb6 19. b4 $14) 15.
e3 {48'} (15. Be3) (15. Qd3) 15... Rfd8 {1.11'} 16. Qc2 $6 {53' Ik had
actiever moeten spelen.} ({In aanmerking kwam} 16. f4 exd4 17. exd4 d5 (17...
a4 18. f5 gxf5 19. Rxf5 $14) 18. c5 Nbd7 19. f5 $14 ({of} 19. Qd3 $14)) 16...
d5 {1.17'} 17. c5 Nbd7 18. Na4 {1.01'} (18. f4 e4 $13) 18... e4 {1.22'} 19. f4
{1.05'} (19. f3) 19... exf3 20. Bxf3 Nh7 {Wit nog 54'. zwart 35'} (20... b5 21.
cxb6 Nxb6 $13) 21. Qh2 {51' Hier was ik heel optimistisch. Na dameruil leek
het eindspel me gunstig voor wit wegens de zwaktes op a5 en b6 en het bezit
van het loperpaar. Maar dat oordeel klopt niet.} Qc8 $6 {29'} (21... Qxh2+ 22.
Kxh2 Re8 {en het is onduidelijk wat wit kan doen.}) 22. Bd2 $6 {48' Opnieuw
speel ik niet actief genoeg. Veel beter was mijn oorspronkelijke gedachte} (22.
h4 $14) (22. e4 {is misschien ook de moeite waard.}) 22... Rf8 {25'} (22... Ng5
$5 $13) ({Ik hoopte op} 22... b5 23. cxb6 Bxa3 24. Ra1 Bb4 (24... Be7 25. Rac1
Qb7 26. Qc7 $1) 25. Bxb4 axb4 26. Rac1 $16) 23. Bg2 {37' Een beetje slap
gespeeld.} (23. h4 $5) (23. e4 $5) 23... f5 {23'} 24. Qg3 $6 {34' Ik mis
zwarts volgende zet. Anders had ik denk ik gekozen voor} (24. gxf5 $5 gxf5 25.
h4 $14) 24... Bd8 {19' Ai, zwart probeert me mat te zetten met de manoeuvre
Lc7, Lb8 en Dc7.} 25. Nc3 {27' Ik vond dat het paard op a4 geen functie meer
had en wilde wendingen met Pxd5 in de stelling brengen.} Bc7 {18'} 26. Qf3 $6 {
25' De computer heeft een beter idee.} (26. Qf2 $5 {met als idee} fxg4 27. Qh4
g3 28. e4 {Eigenlijk een heel logisch idee en het lijkt me op het eerste
gezicht kansrijk.}) 26... Ng5 {16' Nu staat eerder zwart iets beter.} 27. Qe2
Bb8 $2 {10' Na lang nadenken deze slechte zet. Zwart droomt van een mat op h2.
Veel beter was gewoon} (27... Nf6 28. h4 Nge4 29. Nxe4 Nxe4 30. Bxe4 dxe4 $15 {
Rybka} (30... fxe4 $15 {Fritz})) 28. h4 {20'} ({Fritz is hier heel enthousiast
over het stukoffer} 28. Nxd5 $5 {+2.06 Maar het is allemaal erg onduidelijk na
bijv.} cxd5 29. Bxd5+ Kh8 30. gxf5 (30. Qg2 $5) 30... Nf6 (30... Qc7 $5 31. Kh1
) 31. fxg6 Qxh3 32. Bxb7 Ra7 $13) 28... Qc7 $4 {8' Kennelijk een blackout
ondanks nog eens 2 minuten nadenken.} (28... Ne4 29. Nxe4 fxe4 30. g5 $14 {
en wit kan tevreden zijn.}) 29. Bxd5+ {De simpele weerlegging, de witte dame
dekt veld h2.} ({Ik zag Henk verstijven. Kennelijk had hij alleen rekening
gehouden met} 29. Rf4 $13) 29... cxd5 {7'} 30. hxg5 Qd8 {Zwart heeft nog maar
2,5' en staat verloren.} 31. gxf5 {16'} (31. Nxd5 $5 {was harder, maar ik
wilde het een beetje overzichtelijk houden. Misschien kon zwart dan wat
rommelen met} Nxc5 32. Qc4 Qxg5 {maar dat is onzin na} 33. dxc5 $18) 31...
Qxg5+ 32. Qg2 Rxf5 {2'} 33. Rxf5 {15'} Qxg2+ 34. Kxg2 gxf5 35. Nxd5 Kf7 36. Rh1
{14'} Kg8 $2 {22" Henk was totaal van de kaart.} ({Na het normale} 36... Ke6 {
moet wit nog werken voor het punt. Probleem voor zwart is dat zijn loper niet
los komt. Bijv.} 37. Nc3 Ba7 (37... Bc7 38. Nb5 Bd8 39. Rh8 Rb8 40. Nd6) 38.
Nb5 $1 $18) 37. Ne7+ {13'} Kf7 38. Nxf5 Nf6 {12"} 39. Rh8 {12' en in deze
hopeloze stelling ging zwart door zijn vlag. Geen beste partij, maar een
nuttig punt. We wonnen met enig geluk met 51/2-41/2. Hoeveel decennia zou het
geleden zijn dat Amstelveen verloor van een Amsterdamse club?} 1-0

[Event "Euwe Intern 2007-2008"]
[Site "?"]
[Date "2007.11.15"]
[Round "10"]
[White "Witt, Rob"]
[Black "Hoffman, Ron"]
[Result "1-0"]
[WhiteElo "2236"]
[BlackElo "2103"]
[Annotator "Witt"]
[PlyCount "69"]
[EventDate "2007.??.??"]

1. d4 g6 2. e4 Bg7 3. c4 ({Ron probeerde me tot een Modern Defence à la Tiger
te verleiden. Ik had onlangs nog tegen hem gezegd dat ik dat graag tegen hem
wilde spelen. Ron had het vervolgens voorbereid, maar ik was "mijn belofte" al
weer vergeten.} 3. Nc3 d6 4. f4 a6) 3... d6 4. Nc3 Nf6 5. Nf3 O-O 6. Be2 e5 7.
O-O Nc6 8. d5 Ne7 9. Ne1 Nd7 10. Be3 f5 11. f3 f4 12. Bf2 {2'} g5 {We zijn
weer in de Mar del Plata variant van de KID terechtgekomen. De naast mij
zittende Alje Hovenga keek geïnteresseerd toe. Hij had me een paar zetten
eerder al aangemoedigd: "Timmer hem van het bord!"} 13. a4 {5'  Evenals een
jaar geleden besloot ik voor deze zet te kiezen i.v.p. Alje's favoriete variant
} (13. Rc1 Rf6 14. c5 Nxc5 15. b4 Na6 {zoals al diverse malen op Euwe Online
te zien is geweest in partijen van mijzelf, Alje en Ron. Alje keek lichtelijk
teleurgesteld.}) 13... a5 {De beste methode.} 14. Nd3 b6 15. Be1 {Zo speelde
vorig seizoen ook tegen Ron. Eerst de koningsvleugel stutten alvorens op de
damevleugel aktie te ondernemen.} ({Een andere speelwijze begint met} 15. b4)
15... Nf6 {2' Ron heeft kennelijk zijn huiswerk gedaan. In onze vorige partij
speelde hij nog zwakker} (15... Nc5 $6 {Witt-Hoffman, Euwe Intern 7-12-2006 
(41.1-0). Zie Euwe Online.}) 16. Nf2 Rf7 {10' Kennelijk zijn huiswerk weer
vergeten, want hij dacht hier 8' over na. De zet is op dit moment niet
gebruikelijk, maar het kan op zetverwisseling neerkomen. Bovendien bevat de
zet een finesse die ons tijdens de partij en postmortem ontgaan is.} ({
Gebruikelijk is eerst} 16... h5 {Een paar dagen later zag ik bij toeval de
volgende belangwekkende partij die onlangs in Leeuwarden gespeeld is.
Ikonnikov is de grote voorvechter van dit systeem met 10.Le3 en Nijboer is de
grootste KID kenner van Nederland. Beide spelers zullen dit heel goed
voorbereid hebben.} 17. h3 Kh8 18. Nb5 Neg8 19. b4 Rf7 20. c5 bxc5 21. bxc5 Bf8
22. cxd6 cxd6 23. Rc1 Nh6 24. Qc2 Ne8 25. Qb3 Rg7 26. Bd2 $146 ({Bekend was nog
} 26. Rc6 {Nielsen,P (2638)-Golubev,M (2527) playchess. com INT 2004 (41.1-0).
Nijboer zal hier ongetwijfeld iets op gevonden hebben.}) 26... Nf6 27. Qc4 g4
28. Nc7 Ra7 29. Ne6 Bxe6 30. dxe6 gxh3 31. Nxh3 Nh7 32. Kh2 Qh4 33. Be1 Rxg2+
34. Kxg2 Rg7+ 35. Kh2 Rg3 36. Bxg3 Qxg3+ 37. Kh1 Qxh3+ 38. Kg1 Qg3+ {1/2-1/2
Ik onnikov,V (2555)-Nijboer,F (2559)/Leeuwarden Waling Dijkstra Open 2007}) 17.
b4 $2 {6'  Ik dacht dat de volgorde niet uitmaakte.} ({Eerst} 17. Nb5 {is
nauwkeuriger.}) 17... axb4 $2 {(!) A tempo gespeeld, maar dit lijkt wit alleen
maar te helpen omdat Le1 nu aktief wordt. Ik vermoedde dit tijdens de partij
en de postmortem al, en achteraf blijkt dit te kloppen. Zie bovenstaande
partij voor de juiste speelwijze. STOP! Bovenstaande klopt in zijn
algemeenheid wel maar de zet is hier toch goed omdat zwart hier over een
finesse beschikt met de toren op f7 i.p.v. een pion op h5.} 18. Nb5 Bf8 $2 {
Pas deze zet verdient een vraagteken.} ({De genoemde finesse is} 18... c5 $1
19. dxc6 Nxc6 20. Nd3 (20. Nxd6 $2 Rd7 21. c5 bxc5 22. Qb3+ Kf8 $17) (20. Qxd6
$6 Bd7 {en zwart staat eerder beter.}) 20... b3 21. Qxb3 Be6 {met ondudelijke
stelling.}) 19. Bxb4 Kh8 {12'} 20. a5 {7'} (20. Qd2 $5 {zou wel eens beter
geweest kunnen zijn.}) 20... bxa5 $2 ({Sterk in aanmerking kwam} 20... c5 $1 {
waarna wit het beste voortzet met} 21. Bc3 bxa5 22. Qa4 {en wit staat beter
vanwege de zwakte op d6, maar makkelijk is het niet.}) 21. Rxa5 Rxa5 22. Bxa5
$16 {Pas nu is alles in orde voor wit.} Neg8 {13'} (22... Ne8 {Vonden we
achteraf iets beter maar ook goed voor wit.}) 23. Qb3 {26'  Waarschijnlijk de
beste zet. Wit dreigt zowel c5 als iets met Pa7 en Db8. Bovendien staat de
dame hier nuttig als zwart snel tot g5-g4 komt, omdat wit na rul op g4 soms
een lastig schaakje op h3 heeft.} ({Ik dacht hier ook lang na over} 23. c5 dxc5
{en nu bijv. iets als} 24. Nd3 (24. d6 Bxd6 {is niks voor wit.}) 24... Bd6 25.
Bc3 Qe8 26. Na3 Re7 27. Qa1 {maar het leek me te mager.}) 23... Ne8 $2 {
29'  Ron zei naderhand dat hij c5 volkomen onderschat had.} ({Ik verwachtte
hier} 23... Rg7 24. Na7 {Dit was ik van plan, maar sterker is wellicht} (24.
Qb2 $5 {gevolgd door c5.}) 24... Bd7 25. Rb1 (25. Qb7 $5 g4 26. Bxc7 Qe8 27.
fxg4 Nxg4 28. Nxg4 Bxg4 29. Bxg4 Rxg4 30. Qb2 {lijkt ook goed voor wit.}) 25...
g4 26. fxg4 ({Rybka suggereert} 26. Qb8 Qe7 27. Bxc7 g3 28. hxg3 fxg3 29. Nd3
$16 {Maar het i s in de voorutberekening niet te zien of zwart hier toch niet
gevaarlijke aanval krijgt. Bijv.} Ne8 30. Bd8 Qf7 31. Kf1 Qh5 32. Ke1 Qh1+ 33.
Kd2 (33. Bf1 Bh3 $1 34. Rb2 Rf7 {en het is geloof ik al mis voor wit.})) 26...
Nxg4 27. Nxg4 Bxg4 28. Bxg4 Rxg4 29. Nc6 {is goed voor wit.}) 24. c5 {32'} dxc5
{43'  Hierna staat wit gewonnen. Taaier was} (24... Ba6 {waarop ik gepland had}
25. Nxd6 ({De computers geven de voorkeur aan} 25. Rb1) 25... Bxd6 (25... Nxd6
26. Bxa6 Qa8 27. Bc3 $16) 26. Bxa6 Bxc5 27. Bc3 $16) 25. d6 {34'} Qf6 {47'} 26.
dxc7 {37'} Nd6 {49'} 27. Na7 {40'  Hier waren meerdere goede zetten.} Be6 28.
Qb8 {42'} Ne7 {54'} 29. Ba6 {43'  Ik beschouwde de stelling als uit en dat is
altijd gevaarlijk.} ({Beter was} 29. Rd1) 29... Nc4 {57'} ({Zwart kad kunnen
proberen te rommelen met} 29... g4 30. Nxg4 Bxg4 31. fxg4 Nxe4 {in de hoop op}
32. c8=Q $6 (32. Bb7 $1 $18) 32... Nxc8 33. Bxc8 Qd6 34. Qxd6 Nxd6 {maar ook
dit is gewonnen na} 35. Bb6 Rxa7 36. Bxa7 Nxc8 37. Bb8 Bd6 38. Bxd6 Nxd6 39.
Rd1 Nf7 40. Rc1 {al moet wit nog werken voor het punt.}) 30. Bc3 {44'} Ne3 {
1.02'} 31. c8=Q {45'} (31. Bxe5 $1 Qxe5 32. c8=Q) 31... Nxc8 32. Bxe5 Bd6 {
1.12'} 33. Bxf6+ {48'} Rxf6 34. Qb2 Kg7 35. Bxc8 {50' en Ron feliciteerde me.
Een leerzame partj voor ons beiden.} 1-0

[Event "KNSB 2007-2008"]
[Site "?"]
[Date "2007.11.24"]
[Round "4"]
[White "Witt, Rob"]
[Black "Lont, Addy"]
[Result "1/2-1/2"]
[WhiteElo "2236"]
[BlackElo "2260"]
[Annotator "Witt"]
[PlyCount "85"]
[EventDate "2007.09.16"]

{De 4e ronde knsb moesten we naar Philidor Leeuwarden. Ik zat aan bord 1 en
had me voorbereid op Babak Tondivar en Migchiel de Jong. De eerste bleek niet
mee te doen en de tweede zat aan bord 2 tegen Gertjan. De voorbereiding was
weer tevergeefs geweest. Van mijn tegenstander kon ik me alleen herinneren dat
hij vorig jaar Tigran Spaan geslacht had maar zijn openingenrepertoire was
voor mij een gesloten boek.} 1. Nf3 g6 2. c4 Bg7 3. d4 $6 {Toen ik hem losliet
realiseerde ik me ineens dat ik 3.e4 had moeten spelen omdat ik al een paar
jaar de Grunfeld vermijdt. Aan de andere kant, als mijn tegenstander Grunfeld
speelt had hij op de eerste zet wel 1....Pf6 gedaan, zo stelde ik mijzelf
gerust.} (3. e4) 3... Nf6 {Hé, geen Modern Defence. Hij zal toch niet .........
?} 4. Nc3 d5 $1 {Shit, toch de Grunfeld. Ik heb er al van alles tegen gespeeld,
maar de laatste jaren heb ik de ontwikkelingen niet gevolgd. Ik besloot een
relatief onbekende variant te spelen die Alje en Francis op hun repertoire
hebben.} 5. cxd5 Nxd5 6. Bg5 {4' Hier houdt mijn kennis min of meer op, al heb
ik wel wat ideeën onthouden die Alje mij wel eens verteld heeft. Gelukkig gold
dit ookvoormijntegenstander want hij stak nu bijna 20' in de stelling.} Nxc3 {
Misschien is het nauwkeuriger om eerst c5 te spelen, al of niet voorafgegaan
door h6, om de witte toren naar c1 te dwingen. Soms staat de toren beter op b1.
Een aardig voorbeeld is} (6... h6 7. Bh4 c5 8. Rc1 Nxc3 9. bxc3 Be6 10. Qd2 Nc6
11. e3 Bd5 12. Be2 Qa5 13. O-O cxd4 14. exd4 Bxf3 15. Bxf3 Nxd4 16. Bxb7 Rd8
$15 {Sokolov (2592) - McShane (2592) Qaqortoq 2003 (59.0-1)}) ({Na het
alternatief} 6... O-O {kan wit geen pion winnen met} 7. Nxd5 $6 ({Beter is} 7.
e3) 7... Qxd5 8. Bxe7 $2 {wegens} (8. e3) 8... Re8 9. Ba3 Nc6 10. e3 Nxd4 11.
Nxd4 Bxd4 $15 12. Be2 $2 Qxg2 13. Bf3 Qh3 $17) 7. bxc3 O-O 8. e3 c5 {30'} 9.
Be2 {6'} Nc6 10. O-O {Ongeveer hier kwam ik Alje in het rookhok tegen. Hij
vroeg hoe het ging en ik antwoordde dat ik me op zet 3 had vergist en nu in
een van zijn variantjes terecht was gekomen. Oh, je wordt bedankt, repliceerde
Alje.} b6 {54' Na ruim 20' diepzeeduiken een nieuwe zet volgens mijn database.}
({Ik kan mij niet herinneren dat Alje in Dos Hermanas gespeeld heeft, maar in
mijn database zie ik de volgende partij.} 10... Qa5 11. Rc1 (11. d5 $5) 11...
Bg4 $6 12. d5 Rad8 13. Qb3 $14 c4 14. Qxc4 $6 Bxf3 15. Bxf3 Ne5 16. Qe4 $6
Nxf3+ 17. Qxf3 f6 18. Bf4 Qxd5 19. e4 Qxa2 20. Ra1 Qc4 21. Rxa7 Rd3 22. Qg4 $2
Qxe4 23. f3 Qc6 24. c4 $4 Qc5+ {0-1 Hovenga,A (2098)-Lee,R/Dos Hermanas 2004})
(10... Qc7 11. Rc1 b6 12. d5 Rd8 13. c4 f6 14. Bh4 e5 15. Nd2 g5 16. Bg3 Ne7
17. f4 Nf5 18. Bd3 Nxg3 19. hxg3 f5 20. Qh5 exf4 21. gxf4 Qe7 22. Rce1 Bc3 23.
Re2 Bd7 24. Nf3 gxf4 25. exf4 Qf6 26. Ne5 $16 {Khmelniker (2444) - Mikhalevski
(2551) Ramat Aviv 2004 (43.1-0)}) 11. Qa4 {8'} Bb7 {59'} 12. Ba6 $6 {24'
Waarschijnlijk is dit niet de goede beslissing. Ik dacht dat mijn loper
passiever was dan de zijne, en dat ik een initiatief op de damevleugel kreeg.
Zwart heeft echter een licht ruimtegebrek en dat wordt na loperruil opgeheven.}
({Beter was de normaalzet} 12. Rfd1 {om in het centrum te spelen.}) (12. Qa3 {
heb ik ook nog overwogen.}) 12... Qc8 {1.09'} ({De zet die ik verwachtte, maar
sterker was} 12... Bxa6 13. Qxa6 Qd5 $13 {met onduidelijke stelling.}) 13. Bxb7
Qxb7 14. dxc5 {33'} b5 $6 {1.25' De zet die ik verwachtte, maar nu komt wit
iets beter te staan. Na de alternatieven heeft wit niet veel.} (14... bxc5 {
en zelfs als wit pion c5 wint heeft zwart genoeg spel.}) (14... Rfc8) 15. Rab1
Rab8 16. Qa3 {39' Er zijn meerdere damezetten, maar dit leek me de beste. Ik
speel op het behoud van mijn pion op c5.} Rfc8 {1.31'} 17. Nd4 {46'} ({Mijn
alternatief} 17. Bf4 e5 18. Bg3 {kwam ook in aanmerking.}) ({En ook} 17. Rfd1 {
ziet er goed uit.}) 17... a6 {1.33'} 18. Nxc6 {54'} ({De computers hebben hier
} 18. f4 {bovenaan hun lijstje staan. De zet ziet er vreemd uit en ik heb hem
dan ook totaal niet overwogen.}) 18... Rxc6 19. e4 e6 {1.37'} 20. Bf4 {60'}
Rbc8 {1.45' Ik was hier optimistisch. Zwart heeft nog geen gelijkspel, dacht
ik ten onrechte en gaat in tijdnood komen. Wit nog 60' en zwart nog 15'.} ({
Minder goed is} 20... e5 {omdat dit veld d5 weggeeft na bijv.} 21. Be3 Bf8 22.
Rfd1 Qc7 23. Rd5 Rc8 24. g3 Bxc5 25. Bxc5 Rxc5 26. Qxa6 $14) 21. Bd6 Bf8 $6 ({
Ik verwachtte} 21... Bxc3 {en meende na bijv.} 22. Rfd1 (22. Qxc3 $2 Rxd6)
22... b4 23. Qxc3 (23. Qb3 $5) 23... Rxd6 24. cxd6 Rxc3 25. d7 Rc8 26. dxc8=Q+
Qxc8 27. Rxb4 {beter te staan, maar dat valt tegen na} Qc2 $13) 22. Rbd1 $2 {
50' Ik zag hier spoken.} ({Mijn oorspronkelijke bedoeling was} 22. Rfd1 $1 Rxc5
({Het spook begon met} 22... Bxd6 23. cxd6 Rxc3 24. Qa5 Qxe4 {en hier schrok
ik van de dreiging Dxb1, maar dat is onzin want wit mag eerst en wint
eenvoudig met} 25. d7 $18) 23. Bxc5 Bxc5 {En hier blijkt een cruciaal verschil
met de partij. Wit verliest niet pion e4 wegens} 24. Qa4 $1 {Desondanks zal
wit heel nauwkeurig moeten spelen om de volle kwaliteit meer in winst om te
zetten. Bijv.} Qa7 25. Qc2 Bd4 26. Rd3 Qc5) 22... Rxc5 $1 {12'} (22... Bxd6 $2
23. cxd6 Rxc3 24. Qa5 Qd7 25. Qxa6 {is heel goed voor wit.}) 23. Bxc5 Bxc5 24.
Qc1 $6 {42'} ({Een betere kans was} 24. Qb2 {niet overwogen.} Qxe4 25. Rd7 $14)
(24. Qa5 Bb6 25. Qb4 Rc4 $13) 24... Qxe4 25. Qg5 {41'} Qb7 {9'} 26. Rd8+ {39'}
({Ik had beter met} 26. Rd3 {de torens op het bord kunnen houden. Dan had
zwart het iets moeilijer gehad in tijdnood.}) 26... Rxd8 27. Qxd8+ Kg7 28. Rd1
{38'} Qe4 {7'} 29. Qd3 {36'} Qf4 {6'} 30. Qe2 {34'} Qc7 {5'} 31. Re1 $2 {
26' Na lang nadenken deze blunder die een pion kost. Ik zat me af te vragen
hoe ik ooit verder zou kunnen komen als zwart de manoeuvre Lc5-e7-f6 uitvoert.
Omdat ik dat niet zag besloot ik die manoeuvre te verhinderen i.v.m. een
schaakje op e5.} Bd6 {Natuurlijk. Wit rest alleen nog maar de keus welke pion
hij wil geven.} 32. Qd3 {20'} (32. g3 Qxc3 33. Qe3 {beoordeelt Rybka als iets
beter voor wit, maar dat lijkt me onzin. Toch was dat beter dan wat ik deed.})
32... Bxh2+ 33. Kh1 Be5 34. Re3 Bf6 {4' Zwart staat beter.} 35. a4 $6 {14' Ik
wilde snel alle pionnen op de damevleugel oplossen, maar dat lukt niet als
zwart goed speelt.} bxa4 {3'} 36. Qxa6 Bxc3 $2 {2'} (36... Qf4 $1 {en wit gaat
het moeilijk krijgen.}) 37. Qxa4 {13' Opgelucht bood ik hier remise aan.} Bf6 {
1'} 38. Qe4 Qc5 39. Re2 Bd4 40. Rc2 Qh5+ 41. Kg1 {Inmiddels was duidelijk dat
Philidor waarschijnlijk aan een remise genoeg had om de wedstrijd te winnen.}
Qd1+ 42. Kh2 Qh5+ 43. Kg1 {Philidor Leeuwarden - Euwe 51/2-41/2. Juan vertrok
op zijn motor naar Drente en de rest ging op de terugweg nog eten bij een
gezellige Italiaan inHarlingen.} 1/2-1/2